| 000 | 01236nam a2200325 a 4500 | ||
|---|---|---|---|
| 001 | 000006221 | ||
| 003 | DO-SdBNP | ||
| 005 | 20180320102305.0 | ||
| 008 | 090827s2005 dr a 001 0 spa d | ||
| 010 | _a000006221 | ||
| 040 |
_aBPMSU _bspa _cBPMSU |
||
| 092 |
_a370.115 _bE24d |
||
| 245 | 0 | 0 |
_aEducación para la democracia : _borientaciones pedagogícas / _cselección por Kenneth Rodríguez y Norma Wright ; adaptación por Gladys Graciela García Romero; presentación Mu-Kien Adriana San. |
| 250 | _a4a. ed. | ||
| 260 |
_aSanto Domingo : _bPontificia Universidad Católica Madre y Maestra, _c2005. |
||
| 300 |
_a59 p. : _bil. ; _c28 cm. |
||
| 650 | 4 | _aAUTONOMÍA EN LA EDUCACIÓN | |
| 650 | 4 | _aETICA | |
| 650 | 4 | _aVALORES (FILOSOFÍA) | |
| 700 | 1 |
_aRodríguez, Kenneth _ecomp. |
|
| 700 | 1 |
_aWright, Norma _ecomp. |
|
| 700 | 1 |
_aGarcía Romero, Gladys Graciela _eadapt. |
|
| 710 | _4Pontificia Universidad Católica Madre y Maestra,(República Dominicana) | ||
| 930 | 1 |
_lBND01 _mLF1 _820090827 _f02 _pCT _g2332 |
|
| 942 |
_2ddc _cBK |
||
| 945 | _ainventariado, 2018 / dg | ||
| 956 |
_aSARMENTERO _b10 _c20090827 _lBND01 _h0735 |
||
| 956 |
_aVMATEO _b10 _c20090831 _lBND01 _h1329 |
||
| 956 |
_aYLOCKWARD _b10 _c20100510 _lBND01 _h1208 |
||
| 999 |
_c7578 _d7578 |
||